| 000 | 00000nam##2200000za#4500 |
| 001 | 9.601002 |
| 003 | CaOODSP |
| 005 | 20220901164723 |
| 007 | cr ||||||||||| |
| 008 | 150406|1998||||xxc|||||o f|0| 0 fre|d |
| 040 | |aCaOODSP|bfre |
| 043 | |an-cn--- |
| 086 | 1 |aJ3-8/1998-9F-PDF |
| 110 | 1 |aCanada.|bJustice Canada. |
| 245 | 13|aLe blanchiment de la monnaie électronique : |h[ressource électronique]|banalyse de l'environnement / |c[produit en collaboration avec] le Solliciteur général du Canada ; par Jasmine Brown ... [et al.]. |
| 260 | |aOttawa - Ontario : |bJustice Canada |cOctobre 1998. |
| 300 | |a53p.|btableaux |
| 490 | 1 |aDocument de travail|vWD1998-9f |
| 504 | |aBibliographie. |
| 590 | |a11-08-Supp|b2011-06-16 |
| 720 | 1 |aBrown, Jasmine |
| 775 | 08|tElectronic money laundering : |w(CaOODSP)9.570256 |
| 830 | #0|aDocument de travail ;|vWD1998-9f|w(CaOODSP)9.502069 |
| 856 | 40|ahttp://publications.gc.ca|qPDF|s194 Ko|uhttps://publications.gc.ca/collections/collection_2011/jus/J3-8-1998-9-fra.pdf|yWD1998-9f |